<?xml version="1.0" encoding="UTF-8"?>
<record
    xmlns:xsi="http://www.w3.org/2001/XMLSchema-instance"
    xsi:schemaLocation="http://www.loc.gov/MARC21/slim http://www.loc.gov/standards/marcxml/schema/MARC21slim.xsd"
    xmlns="http://www.loc.gov/MARC21/slim">

  <leader>01634nam a2200229   4500</leader>
  <controlfield tag="005">20250329145557.0</controlfield>
  <controlfield tag="008">250329b        |||||||| |||| 00| 0 eng d</controlfield>
  <datafield tag="020" ind1=" " ind2=" ">
    <subfield code="a">9783031215391</subfield>
  </datafield>
  <datafield tag="037" ind1=" " ind2=" ">
    <subfield code="c">Textual</subfield>
  </datafield>
  <datafield tag="040" ind1=" " ind2=" ">
    <subfield code="a">RTL</subfield>
    <subfield code="c">RTL</subfield>
  </datafield>
  <datafield tag="084" ind1=" " ind2=" ">
    <subfield code="a">Y:3(NA) R3</subfield>
    <subfield code="q">RTL</subfield>
  </datafield>
  <datafield tag="100" ind1=" " ind2=" ">
    <subfield code="a">Bhambra, Gurminder K.</subfield>
    <subfield code="9">324486</subfield>
  </datafield>
  <datafield tag="245" ind1=" " ind2=" ">
    <subfield code="a">Rethinking modernity : postcolonialism and the sociological imagination</subfield>
  </datafield>
  <datafield tag="250" ind1=" " ind2=" ">
    <subfield code="a">2nd</subfield>
  </datafield>
  <datafield tag="260" ind1=" " ind2=" ">
    <subfield code="a">UK</subfield>
    <subfield code="b">Palgrave Macmillan</subfield>
    <subfield code="c">2023</subfield>
  </datafield>
  <datafield tag="300" ind1=" " ind2=" ">
    <subfield code="a">xli, 257p.</subfield>
    <subfield code="b">Includes bibliographical references, notes and index</subfield>
  </datafield>
  <datafield tag="520" ind1=" " ind2=" ">
    <subfield code="a">Rethinking Modernity presents a fundamental reconstruction of the idea of modernity in contemporary sociology and social theory. It criticizes the abstraction of European modernity from its colonial context as well as the way in which the experiences of non-Western 'others' are regarded as having no contribution to make to such understandings. In challenging the dominant, Eurocentred accounts of the emergence and development of modernity, Gurminder Bhambra presents an argument for the recognition of 'connected histories' in the reconstruction of historical sociology at a global level. She addresses three supposedly 'founding moments' in the narrative of modernity - the Renaissance, the French Revolution, and the Industrial Revolutions - in order to identity myths of origin which remain embedded in dominant accounts of modernity, whether of modernization theory or multiple modernities. Book jacket."--Jacket</subfield>
  </datafield>
  <datafield tag="650" ind1=" " ind2=" ">
    <subfield code="a">Postcolonialism</subfield>
    <subfield code="9">32352</subfield>
  </datafield>
  <datafield tag="650" ind1=" " ind2=" ">
    <subfield code="a">Sociology</subfield>
  </datafield>
  <datafield tag="650" ind1=" " ind2=" ">
    <subfield code="a">Historiography</subfield>
  </datafield>
  <datafield tag="942" ind1=" " ind2=" ">
    <subfield code="2">CC</subfield>
    <subfield code="n">0</subfield>
    <subfield code="c">TB</subfield>
    <subfield code="h">Y:3(NA) R3</subfield>
  </datafield>
  <datafield tag="999" ind1=" " ind2=" ">
    <subfield code="c">1308297</subfield>
    <subfield code="d">1308297</subfield>
  </datafield>
  <datafield tag="952" ind1=" " ind2=" ">
    <subfield code="0">0</subfield>
    <subfield code="1">0</subfield>
    <subfield code="2">CC</subfield>
    <subfield code="4">0</subfield>
    <subfield code="7">0</subfield>
    <subfield code="a">RTL</subfield>
    <subfield code="b">RTL</subfield>
    <subfield code="d">2025-03-29</subfield>
    <subfield code="l">0</subfield>
    <subfield code="o">Y:3(NA) R3</subfield>
    <subfield code="p">RT1528349</subfield>
    <subfield code="r">2025-03-29 14:56:49</subfield>
    <subfield code="w">2025-03-29</subfield>
    <subfield code="y">TB</subfield>
  </datafield>
</record>
